Lezioni di filosofia del diritto / (Registro nro. 149297)

Detalles MARC
000 -LEADER
campo de control de longitud fija 00681nam a2200217 i 4500
001 - NÚMERO DE CONTROL
campo de control 149297
003 - IDENTIFICADOR DE NÚMERO DE CONTROL
campo de control ES-MaACL
005 - FECHA Y HORA DE LA ÚLTIMA TRANSACCIÓN
campo de control 20250809062557.0
007 - CAMPO FIJO DE DESCRIPCIÓN FÍSICA--INFORMACIÓN GENERAL
campo de control de longitud fija t|
008 - DATOS DE LONGITUD FIJA--INFORMACIÓN GENERAL
campo de control de longitud fija 071019s1920 it ||||1| ita d
100 1# - ENTRADA PRINCIPAL--NOMBRE DE PERSONA
Nombre de persona Vanni, Icilio.
9 (RLIN) 113076
245 10 - MENCIÓN DEL TÍTULO
Título Lezioni di filosofia del diritto /
Mención de responsabilidad, etc. Icilio Vanni ; con appendice bibliografica a cura de Widar Cesarini-Sforza.
250 ## - MENCION DE EDICION
Mención de edición 4ª ed.
260 ## - PUBLICACIÓN, DISTRIBUCIÓN, ETC.
Lugar de publicación, distribución, etc. Bologna :
Nombre del editor, distribuidor, etc. N. Zanichelli,
Fecha de publicación, distribución, etc. 1920 (
Fabricante Stab. Poligr. Riuniti)
300 ## - DESCRIPCIÓN FÍSICA
Extensión XX, 397 p. ;
Dimensiones 23 cm.
500 ## - NOTA GENERAL
Nota general Con retr.
650 #4 - PUNTO DE ACCESO ADICIONAL DE MATERIA--TÉRMINO DE MATERIA
Término de materia o nombre geográfico como elemento de entrada Derecho-
Subdivisión general Filosofía
9 (RLIN) 11620
700 1# - ENTRADA AGREGADA--NOMBRE PERSONAL
Nombre de persona Cesarini-Sforza, Widar.
9 (RLIN) 37678
852 ## - LOCALIZACIÓN
Ubicación ES-MaACL
Número de control de estantería F-9659
Existencias
Estatus retirado Estado de pérdida Estado de daño No para préstamo Biblioteca de origen Biblioteca actual Ubicación en estantería Fecha de adquisición Fuente de adquisición Total de préstamos Signatura topográfica completa Código de barras Visto por última vez Precio de reemplazo Tipo de ítem Koha
        Biblioteca del Ateneo de Madrid Biblioteca del Ateneo de Madrid Sala Pecera Planta 2 17/01/2008     F-9659 1155794 23/02/2023 23/02/2023 Libro impreso